000
00233 a2200097 4500
001
42856
100
_a
Pakistan
245
_a
Folk heritage of Pakistan 1
260
_a
Islamabad
_b
Institute of folk heritage
_c
090
_c
26745
_d
26745
942
_a
NUST-CAE
_c
M
_c
18608
999
_c
277929
_d
277929